Detalles MARC
| 000 -LEADER |
| fixed length control field |
01172nam a2200385 4500 |
| 003 - CONTROL NUMBER IDENTIFIER |
| control field |
OSt |
| 005 - DATE AND TIME OF LATEST TRANSACTION |
| control field |
20250506133214.0 |
| 008 - FIXED-LENGTH DATA ELEMENTS--GENERAL INFORMATION |
| fixed length control field |
250506b |||||||| |||| 00| 0 spa d |
| 022 ## - INTERNATIONAL STANDARD SERIAL NUMBER |
| International Standard Serial Number |
9788449440915 |
| 040 ## - CATALOGING SOURCE |
| Transcribing agency |
R 030 E56e |
| 082 ## - DEWEY DECIMAL CLASSIFICATION NUMBER |
| Classification number |
R 030 E56e |
| 245 ## - TITLE STATEMENT |
| Title |
Volumen 3: Enciclopedia universal del estudiante |
| 260 ## - PUBLICATION, DISTRIBUTION, ETC. |
| Place of publication, distribution, etc. |
España |
| 520 ## - SUMMARY, ETC. |
| Summary, etc. |
Volumen 3: Historia universal, Historia de América Latina |
| 650 ## - SUBJECT ADDED ENTRY--TOPICAL TERM |
| Topical term or geographic name entry element |
EDAD ANTIGUA |
| 650 ## - SUBJECT ADDED ENTRY--TOPICAL TERM |
| Topical term or geographic name entry element |
PUEBLOS GERMÁNICOS |
| 650 ## - SUBJECT ADDED ENTRY--TOPICAL TERM |
| Topical term or geographic name entry element |
IMPERIO ROMANO DE ORIENTE |
| 650 ## - SUBJECT ADDED ENTRY--TOPICAL TERM |
| Topical term or geographic name entry element |
NACIMIENTO Y EXPANSIÓN DEL ISLAM |
| 650 ## - SUBJECT ADDED ENTRY--TOPICAL TERM |
| Topical term or geographic name entry element |
FEUDALISMO |
| 650 ## - SUBJECT ADDED ENTRY--TOPICAL TERM |
| Topical term or geographic name entry element |
IMPERIOS ASIÁTICOS |
| 650 ## - SUBJECT ADDED ENTRY--TOPICAL TERM |
| Topical term or geographic name entry element |
CULTURAS PRECOLOMBINAS |
| 650 ## - SUBJECT ADDED ENTRY--TOPICAL TERM |
| Topical term or geographic name entry element |
ALTA EDAD MODERNA |
| 650 ## - SUBJECT ADDED ENTRY--TOPICAL TERM |
| Topical term or geographic name entry element |
BAJA EDAD MODERNA |
| 650 ## - SUBJECT ADDED ENTRY--TOPICAL TERM |
| Topical term or geographic name entry element |
REVOLUCIÓN INDUSTRIAL BRITÁNICA |
| 650 ## - SUBJECT ADDED ENTRY--TOPICAL TERM |
| Topical term or geographic name entry element |
REVOLUCIÓN FRANCESA |
| 650 ## - SUBJECT ADDED ENTRY--TOPICAL TERM |
| Topical term or geographic name entry element |
NACIONALISMO |
| 650 ## - SUBJECT ADDED ENTRY--TOPICAL TERM |
| Topical term or geographic name entry element |
IMPERIALISMO |
| 650 ## - SUBJECT ADDED ENTRY--TOPICAL TERM |
| Topical term or geographic name entry element |
PRIMERA GUERRA MUNDIAL |
| 650 ## - SUBJECT ADDED ENTRY--TOPICAL TERM |
| Topical term or geographic name entry element |
REVOLUCIÓN RUSA |
| 650 ## - SUBJECT ADDED ENTRY--TOPICAL TERM |
| Topical term or geographic name entry element |
SEGUNDA GUERRA MUNDIAL |
| 650 ## - SUBJECT ADDED ENTRY--TOPICAL TERM |
| Topical term or geographic name entry element |
GUERRA FRÍA |
| 650 ## - SUBJECT ADDED ENTRY--TOPICAL TERM |
| Topical term or geographic name entry element |
AMÉRICA LATINA |
| 773 0# - HOST ITEM ENTRY |
| Host Biblionumber |
13807 |
| Host Itemnumber |
37930 |
| Place, publisher, and date of publication |
España |
| Other item identifier |
Vol 1-8 |
| Title |
Enciclopedia universal del estudiante |
| International Standard Serial Number |
9788449440915 |
| 942 ## - ADDED ENTRY ELEMENTS (KOHA) |
| Koha item type |
Revista |
| Source of classification or shelving scheme |
Dewey Decimal Classification |